000 00765nam a2200289Ia 4500
001 25102
003 IT-RoPAU
008 130308s9999 xx 000 0 und d
040 _aIT-RoPAU
040 _cIT-RoPAU
041 _aITALIANO
100 _aKato Shuichi
100 _gCodice Aut. SPICS: 12326
245 _aAddio, Fuji Junko!
245 _bSchermi Giapponesi-1. La Tradizione e Il Genere
260 _aVENEZIA
260 _bMarsilio
260 _c1984 [1° Ed.:1984 - Ed.Ling.Originale:1979]
300 _a"7 p. (prefazione: no ; testo: 7 [pagine: 165-171])"
500 _aCinema Giapponese
650 _aSTORIA NAZIONALE DEL CINEMA
650 _eCodice materia Spics: 6809
942 _cBK
957 _71
999 _c53785
_d53785
999 _bSI
999 _g1